000 00547nam a2200217Ia 4500
003 OSt
005 20220924143351.0
006 a|||||r|||| 00| 0
007 ta
008 220923b |||||||| |||| 00| 0 urd d
024 _a307871
037 _cTextual
040 _aARTS
_cARTS
_burd
041 _2urd
_aurd
082 _aDelta:864, 168C8
100 _aKanpuri Kanpuri
_9215533
245 0 _aAaina -e- tawarikh
260 _c1899
942 _hDelta:864, 168C8
_cTEXL
_2CC
999 _c454179
_d454179